| 000 | 00474nam a2200181Ia 4500 | ||
|---|---|---|---|
| 005 | 20250425161225.0 | ||
| 008 | 250425s9999 xx 000 0 und d | ||
| 041 | _aspa | ||
| 082 | _a628.16 | ||
| 100 | _aBABCOCK, RUSSELL H. | ||
| 245 | 0 | _aINSTRUMENTACION Y CONTROL EN EL TRATAMIENTO DE AGUAS POTABLES, INDUSTRIALES Y DE DESECHO | |
| 250 | _a1A ED. | ||
| 260 | _aMEXICO | ||
| 260 |
_aMéxico _bLIMUSA-WILEY _c1971 |
||
| 300 | _a118 | ||
| 942 | _c01 | ||
| 010 | _a15565 | ||
| 999 |
_c204937 _d204937 |
||